2019 Movies By Cast - Statistics

General Stats
  • This quiz has been taken 16 times
  • The average score is 13 of 35
Answer Stats
Cast Movie % Correct
Leonardo DiCaprio, Brad Pitt, Margot Robbie Once Upon a Time in Hollywood
90%
Tom Hanks, Tim Allen, Keanu Reeves Toy Story 4
80%
Joaquin Phoenix, Robert De Niro, Zazie Beetz Joker
70%
Robert Downey Jr., Chris Evans, Mark Ruffalo Avengers: Endgame
60%
Ana de Armas, Daniel Craig, Chris Evans Knives Out
60%
Robert De Niro, Al Pacino, Joe Pesci The Irishman
60%
Brie Larson, Ben Mendelsohn, Jude Law Captain Marvel
50%
Bruce Willis, James McAvoy, Samuel L. Jackson Glass
50%
Scarlett Johansson, Taika Waititi, Sam Rockwell Jojo Rabbit
50%
Scarlett Johansson, Adam Driver, Laura Dern Marriage Story
50%
Chadwick Boseman, J. K. Simmons 21 Bridges
40%
Christian Bale, Matt Damon, Jon Bernthal Ford v Ferrari
40%
Saorise Ronan, Timothee Chalamet, Meryl Streep Little Women
40%
Zachary Levi, Mark Strong Shazam!
40%
Tom Holland, Jake Gyllenhaal, Zendaya Spider-Man: Far From Home
40%
Adam Sandler, Lakeith Stanfield, Tilda Swinton Uncut Gems
40%
Brad Pitt, Tommy Lee Jones, Donald Sutherland Ad Astra
30%
Will Smith, Mary Elizabeth Winstead, Clive Owen Gemini Man
30%
Seth Rogen, Charlize Theron, Bob Odenkirk Long Shot
30%
Edward Norton, Bruce Willis, Alec Baldwin Motherless Brooklyn
30%
Timothee Chalamet, Joel Edgerton, Robert Pattinson The King
30%
Robert Pattinson, Willem Dafoe The Lighthouse
30%
Lupita Nyong'o, Winston Duke, Duke Nicholson Us
30%
Ryan Reynolds, Dave Franco 6 Underground
20%
Rosa Salazar, Christoph Waltz, Edward Norton Alita: Battle Angel
20%
Mark Ruffalo, Anne Hathaway, Tim Robbins Dark Waters
20%
Patrick Wilson, Woody Harrelson, Aaron Eckhart Midway
20%
Bill Murray, Adam Driver The Dead Don't Die
20%
Machine Gun Kelly, Pete Davidson The Dirt
20%
John Travolta, Devon Sawa The Fanatic
20%
Chris Evans, Ben Kingsley The Red Sea Diving Resort
20%
Jake Gyllenhaal, John Malkovich Velvet Buzzsaw
20%
Jesse Eisenberg, Woody Harrelson, Emma Stone Zombieland: Double Tap
20%
Aaron Paul, Jesse Plemons, Robert Forster El Camino: A Breaking Bad Film
10%
Jesse Eisenberg, Imogen Poots The Art of Self Defense
10%
No matching quizzes found
Score Distribution
Percent of People with Each Score
Percentile by Number Answered
Your Score History
You have not taken this quiz